000 00949cam a22003137a 4500
003 CHAP
005 20220817042414.0
008 971013s1976 r 00010 d
010 _a43739
011 _a44711
035 _a48849
040 _cCHAP
090 _aFolleto 3055
110 _aFundación Rockefeller.
245 1 4 _aThe role of social sciences in rural development
260 _a(s.l.) :
_b(s.e.),
_c1976
300 _a55 p.
590 _aBATCH-UPD
_b10
_c20130110
_lUCH01
_h1001
590 _aBATCH-UPD
_b10
_c20130410
_lUCH01
_h0612
590 _aBATCH-UPD
_b10
_c20130914
_lUCH01
_h0502
590 _aCONVERSION
_b10
_c20130109
_lUCH01
_h1324
650 1 4 _aAyuda económica.
_99033
650 1 4 _aAyuda técnica.
_99035
650 1 4 _aDesarrollo de la comunidad.
_931967
650 1 4 _aPolítica económica
_xPaíses subdesarrollados.
901 _aBK
942 _cFOLL
949 _aFolleto 3055
_bBC
_cFOLL
_d-110419
_eTS1
_i48849
_mD
_si
999 _c43739
_d43739